[Event "ThEM 2003"]
[Site "?"]
[Date "2003.04.17"]
[Round "3"]
[White "Deuter, Lutz"]
[Black "Kirschbaum, Gunnar"]
[Result "1/2-1/2"]
[WhiteElo "2049"]
[BlackElo "2179"]
[PlyCount "39"]
[EventDate "2003.04.16"]
[EventRounds "9"]
[EventCountry "GER"]

1. e4 e5 2. Nf3 d6 3. d4 Nf6 4. Nc3 Nbd7 5. Bc4 Be7 6. O-O O-O 7. Re1 c6 8. a4
Qc7 9. h3 a6 10. Bf1 b6 11. Bg5 Re8 12. Qd2 Rb8 13. Rad1 Nf8 14. d5 N8d7 15.
dxc6 Qxc6 16. Nd5 Nxd5 17. exd5 Qc7 18. Bxe7 Rxe7 19. Nd4 Re8 20. Nc6 1/2-1/2

[Event "ThEM 2003"]
[Site "?"]
[Date "2003.04.17"]
[Round "3"]
[White "Sieber, Stephan"]
[Black "Seidens, Gunter"]
[Result "1-0"]
[WhiteElo "2136"]
[BlackElo "2069"]
[PlyCount "61"]
[EventDate "2003.04.16"]
[EventRounds "9"]
[EventCountry "GER"]

1. e4 d6 2. d4 Nf6 3. f3 c6 4. c4 e5 5. Ne2 Be7 6. Nbc3 a6 7. g4 b5 8. Ng3 g6
9. Be3 h5 10. g5 Nfd7 11. h4 f6 12. Qd2 exd4 13. Bxd4 Ne5 14. Be2 Nxc4 15. Bxc4
bxc4 16. gxf6 Bxf6 17. Bxf6 Qxf6 18. O-O-O O-O 19. Qxd6 Qxd6 20. Rxd6 Kh7 21.
Rf1 Rf4 22. e5 Bh3 23. Re1 Rxf3 24. Nge4 Kg7 25. e6 Bf5 26. e7 Nd7 27. Ng5 Rf2
28. e8=Q Rxe8 29. Rxe8 Nc5 30. Nce4 Nd3+ 31. Rxd3 1-0

[Event "ThEM 2003"]
[Site "?"]
[Date "2003.04.17"]
[Round "3"]
[White "Hermann, Ingo"]
[Black "Gulich, Christian"]
[Result "1/2-1/2"]
[WhiteElo "1622"]
[BlackElo "2133"]
[PlyCount "30"]
[EventDate "2003.04.16"]
[EventRounds "9"]
[EventCountry "GER"]

1. e4 c5 2. c3 d5 3. exd5 Qxd5 4. d4 Nf6 5. Nf3 Bg4 6. Nbd2 Nc6 7. Bc4 Bxf3 8.
Bxd5 Bxd1 9. Bxc6+ bxc6 10. Kxd1 cxd4 11. cxd4 O-O-O 12. Nf3 Ne4 13. Ke2 f6 14.
Be3 e6 15. Rac1 Kb7 1/2-1/2

[Event "ThEM 2003"]
[Site "?"]
[Date "2003.04.17"]
[Round "3"]
[White "Skibbe, Diana"]
[Black "Koch, Stefan"]
[Result "1/2-1/2"]
[WhiteElo "2130"]
[BlackElo "1923"]
[PlyCount "49"]
[EventDate "2003.04.16"]
[EventRounds "9"]
[EventCountry "GER"]

1. e4 e5 2. Nf3 Nc6 3. Bc4 Be7 4. O-O Nf6 5. Re1 d6 6. h3 O-O 7. c3 Na5 8. Bb5
Bd7 9. Bf1 Nc6 10. d4 Ne8 11. Nbd2 Bf6 12. Nc4 g6 13. Bh6 Ng7 14. Ne3 Qe8 15.
Nd5 Bd8 16. b4 f6 17. a4 Ne7 18. Ne3 Kh8 19. Bc4 Ng8 20. Bxg8 Rxg8 21. Kh2 Qf7
22. Qd2 g5 23. dxe5 dxe5 24. Bxg7+ Rxg7 25. Nf5 1/2-1/2

[Event "ThEM 2003"]
[Site "?"]
[Date "2003.04.17"]
[Round "3"]
[White "Siegl, Detlef"]
[Black "Siebarth, Raiko"]
[Result "0-1"]
[WhiteElo "2027"]
[BlackElo "2103"]
[PlyCount "62"]
[EventDate "2003.04.16"]
[EventRounds "9"]
[EventCountry "GER"]

1. e4 c5 2. Nf3 d6 3. d4 cxd4 4. Nxd4 Nf6 5. Nc3 a6 6. Bc4 e6 7. Bb3 b5 8. O-O
Qb6 9. Be3 Qb7 10. f3 Be7 11. Rc1 Bd7 12. a3 O-O 13. Qe1 Rc8 14. Bf2 Nc6 15.
Nxc6 Bxc6 16. Qe3 Nd7 17. Rfd1 Nc5 18. Ne2 a5 19. Nd4 a4 20. Ba2 b4 21. axb4
Qxb4 22. Rb1 Bf6 23. c3 Qb7 24. Bc4 d5 25. Nxc6 dxc4 26. Nb4 h6 27. Qe2 Nb3 28.
f4 a3 29. e5 a2 30. Ra1 Nxa1 31. exf6 Nb3 0-1

[Event "ThEM 2003"]
[Site "?"]
[Date "2003.04.17"]
[Round "3"]
[White "Schneider, Christian"]
[Black "Baecher, Reinhardt"]
[Result "0-1"]
[WhiteElo "1704"]
[BlackElo "1863"]
[PlyCount "58"]
[EventDate "2003.04.16"]
[EventRounds "9"]
[EventCountry "GER"]

1. Nc3 c5 2. e4 Nc6 3. f4 e6 4. Nf3 a6 5. d4 cxd4 6. Nxd4 Bc5 7. Nxc6 bxc6 8.
Bd3 d5 9. Qf3 Ne7 10. Ne2 Qb6 11. c3 a5 12. g4 Ba6 13. Rf1 Bxd3 14. Qxd3 Ng6
15. b3 O-O 16. e5 Rfd8 17. Nd4 Be7 18. Nf3 c5 19. f5 c4 20. Qe2 exf5 21. gxf5
Nf8 22. Nd4 Rac8 23. Qg4 Re8 24. Kd1 Bc5 25. Be3 cxb3 26. e6 fxe6 27. f6 Rc7
28. Qf3 Rf7 29. Rg1 Ng6 0-1

[Event "ThEM 2003"]
[Site "?"]
[Date "2003.04.17"]
[Round "3"]
[White "Manger, Erika"]
[Black "Michalowski, Peter"]
[Result "0-1"]
[WhiteElo "1404"]
[BlackElo "1676"]
[PlyCount "64"]
[EventDate "2003.04.16"]
[EventRounds "9"]
[EventCountry "GER"]

1. c4 Nf6 2. Nc3 g6 3. g3 Bg7 4. Bg2 O-O 5. e4 d6 6. Nge2 Nbd7 7. O-O e5 8. d4
exd4 9. Nxd4 Nc5 10. b3 Re8 11. Re1 Bg4 12. f3 Bd7 13. Be3 Ne6 14. Nxe6 Bxe6
15. Rc1 c6 16. Bf2 Qc7 17. Qc2 Rad8 18. Red1 Bh6 19. f4 Ng4 20. h3 Nxf2 21.
Qxf2 Qa5 22. Rc2 Bg7 23. Nb1 d5 24. cxd5 cxd5 25. Rc5 Qb4 26. exd5 Bf5 27. Rc4
Qe7 28. Nc3 Rc8 29. Rxc8 Rxc8 30. Re1 Qb4 31. Ne2 Rc2 32. Qxa7 Qxe1+ 0-1

[Event "ThEM 2003"]
[Site "?"]
[Date "2003.04.17"]
[Round "3"]
[White "Berner, Stephan"]
[Black "Richter, Dagmar"]
[Result "1/2-1/2"]
[WhiteElo "1577"]
[BlackElo "1463"]
[PlyCount "87"]
[EventDate "2003.04.16"]
[EventRounds "9"]
[EventCountry "GER"]

1. b4 d6 2. Bb2 e5 3. e3 Nf6 4. c4 a6 5. a4 Be6 6. b5 axb5 7. axb5 Nbd7 8. Nf3
Rxa1 9. Bxa1 Nc5 10. d4 exd4 11. Bxd4 Nfe4 12. Nbd2 d5 13. Nxe4 Nxe4 14. Qb3
dxc4 15. Bxc4 Bxc4 16. Qxc4 Nd6 17. Qb3 f6 18. O-O Qd7 19. b6 c6 20. Rd1 Qf5
21. Bc3 Ne4 22. Be1 h5 23. Qd3 Be7 24. Nd4 Qd5 25. Nb3 Qxd3 26. Rxd3 Nc5 27.
Nxc5 Bxc5 28. Ba5 Ke7 29. Rc3 Rd8 30. g3 Rd1+ 31. Kg2 Bd6 32. Rb3 Rd5 33. Bc3
Rb5 34. Rxb5 cxb5 35. Bd4 b4 36. f4 b3 37. Bb2 g5 38. Kf3 Ke6 39. Ke4 Bc5 40.
Kd3 g4 41. Bc1 Bxb6 42. Kc3 Ba5+ 43. Kxb3 Be1 44. Kc2 1/2-1/2

[Event "ThEM 2003"]
[Site "?"]
[Date "2003.04.18"]
[Round "4"]
[White "Aepfler, Christian"]
[Black "Enders, Peter"]
[Result "0-1"]
[WhiteElo "2266"]
[BlackElo "2522"]
[PlyCount "148"]
[EventDate "2003.04.16"]
[EventRounds "9"]
[EventCountry "GER"]

1. e4 c5 2. c3 Nf6 3. e5 Nd5 4. Nf3 Nc6 5. d4 cxd4 6. cxd4 d6 7. Bc4 dxe5 8.
dxe5 Nb6 9. Qxd8+ Nxd8 10. Bb5+ Bd7 11. Bxd7+ Nxd7 12. O-O g6 13. Nc3 Bg7 14.
Bf4 Ne6 15. Bg3 O-O 16. Rfd1 Nb6 17. Nd5 Nxd5 18. Rxd5 Rfd8 19. Rad1 Rxd5 20.
Rxd5 Rc8 21. Kf1 Kf8 22. Rd7 Rc1+ 23. Ke2 Rc2+ 24. Rd2 Rc5 25. Rd7 Rb5 26. b3
Ke8 27. Rd2 Rc5 28. Kd3 Bh6 29. Rc2 Rd5+ 30. Ke2 Kd7 31. Rc4 Bg7 32. Rc3 h5 33.
h4 Bh6 34. Rc4 b5 35. Rc2 Nf4+ 36. Bxf4 Bxf4 37. e6+ Kxe6 38. g3 Bd6 39. Ng5+
Kf6 40. Rc8 Kg7 41. f4 Bb4 42. Rb8 a6 43. a4 Rd2+ 44. Kf1 Rd3 45. axb5 a5 46.
b6 Bd6 47. Ra8 Rxg3 48. b4 axb4 49. b7 Bxf4 50. b8=Q Bxb8 51. Rxb8 Rg4 52. Nf3
f6 53. Rb5 e5 54. Ke2 e4 55. Nd4 Rxh4 56. Rxb4 Rg4 57. Ke3 h4 58. Rb7+ Kh6 59.
Rb6 h3 60. Rb8 Kg5 61. Ne6+ Kh4 62. Nf4 Kg3 63. Ne2+ Kh2 64. Nf4 f5 65. Rb2+
Rg2 66. Ne2 g5 67. Rb5 f4+ 68. Nxf4 gxf4+ 69. Kxe4 Rf2 70. Rg5 Kh1 71. Rg3 h2
72. Rg8 Rf1 73. Rg7 Rg1 74. Ra7 Kg2 0-1

[Event "ThEM 2003"]
[Site "?"]
[Date "2003.04.18"]
[Round "4"]
[White "Fischer, Kay"]
[Black "Kraemer, Martin"]
[Result "0-1"]
[WhiteElo "2130"]
[BlackElo "2173"]
[PlyCount "84"]
[EventDate "2003.04.16"]
[EventRounds "9"]
[EventCountry "GER"]

1. d4 Nf6 2. f4 g6 3. e3 Bg7 4. Nf3 d6 5. Bd3 Nbd7 6. O-O O-O 7. c3 e5 8. e4
Qe7 9. fxe5 dxe5 10. d5 Nc5 11. Qe2 a5 12. Bg5 h6 13. Bxf6 Qxf6 14. Bc4 Bg4 15.
Qe3 Qb6 16. Nbd2 Kh7 17. Kh1 f5 18. exf5 Bxf5 19. Nb3 Nd7 20. Qe2 a4 21. Nc1 e4
22. Nh4 Ne5 23. Nxf5 gxf5 24. b3 Qc5 25. Rb1 Rad8 26. Rxf5 Rxf5 27. Qxe4 Rdf8
28. Nd3 Nxd3 29. Bxd3 Kg8 30. g4 R5f6 31. g5 hxg5 32. Qh7+ Kf7 33. Qh5+ Ke7 34.
Qxg5 Bh6 35. Qe5+ Kd8 36. bxa4 Qd6 37. Qxd6+ Rxd6 38. Rxb7 Rxd5 39. Rb8+ Ke7
40. Rxf8 Bxf8 41. Bb5 Kf6 42. c4 Rd2 0-1

[Event "ThEM 2003"]
[Site "?"]
[Date "2003.04.18"]
[Round "4"]
[White "Kirste, Olaf"]
[Black "Sieber, Stephan"]
[Result "0-1"]
[WhiteElo "2083"]
[BlackElo "2135"]
[PlyCount "78"]
[EventDate "2003.04.16"]
[EventRounds "9"]
[EventCountry "GER"]

1. c4 f5 2. d4 Nf6 3. Nf3 e6 4. e3 b6 5. Be2 Bb4+ 6. Bd2 Bxd2+ 7. Nbxd2 Bb7 8.
O-O O-O 9. Rc1 d6 10. Ng5 Qe7 11. Bf3 Bxf3 12. Qxf3 Nbd7 13. Qc6 Rac8 14. b4 h6
15. Nh3 g5 16. f3 e5 17. Rfe1 Qg7 18. Kh1 Kh8 19. Nb3 Rg8 20. Re2 Qg6 21. c5 g4
22. Ng1 gxf3 23. Qxf3 Ne4 24. Rec2 Rcf8 25. cxd6 cxd6 26. Nh3 Ndf6 27. dxe5
dxe5 28. Rc6 Qg4 29. Rf1 Rd8 30. Rcc1 Nd5 31. Rce1 Nxb4 32. Ng1 Nd2 33. Qxg4
fxg4 34. Rf2 Nxb3 35. axb3 Rgf8 36. Rxf8+ Rxf8 37. Ne2 Nd3 38. Ra1 Rf2 39. Ng3
Rb2 0-1

[Event "ThEM 2003"]
[Site "?"]
[Date "2003.04.18"]
[Round "4"]
[White "Baecher, Reinhardt"]
[Black "Holzschuh, Stephan"]
[Result "0-1"]
[WhiteElo "1863"]
[BlackElo "2107"]
[PlyCount "54"]
[EventDate "2003.04.16"]
[EventRounds "9"]
[EventCountry "GER"]

1. e4 c5 2. Nf3 Nc6 3. d4 cxd4 4. Nxd4 Nf6 5. Nc3 e5 6. Ndb5 d6 7. Bg5 a6 8.
Na3 b5 9. Nd5 Be7 10. Bxf6 Bxf6 11. c3 O-O 12. Nc2 Bg5 13. a4 Rb8 14. axb5 axb5
15. Nce3 b4 16. Ra2 bxc3 17. bxc3 Be6 18. Ra6 Ne7 19. Rxd6 Qa5 20. Ra6 Qc5 21.
Nxe7+ Bxe7 22. Qa1 Bg5 23. Nd1 Rfd8 24. Be2 Bc4 25. Bxc4 Qxc4 26. Ra2 Qxe4+ 27.
Ne3 Rb1+ 0-1

[Event "ThEM 2003"]
[Site "?"]
[Date "2003.04.18"]
[Round "4"]
[White "Siebarth, Raiko"]
[Black "Huster, Mike"]
[Result "0-1"]
[WhiteElo "2103"]
[BlackElo "1917"]
[PlyCount "44"]
[EventDate "2003.04.16"]
[EventRounds "9"]
[EventCountry "GER"]

1. e4 d5 2. exd5 Nf6 3. d4 Nxd5 4. c4 Nb6 5. Nc3 e5 6. d5 Bb4 7. Bd2 c6 8. dxc6
Nxc6 9. Be2 O-O 10. Nf3 Bg4 11. Qb3 Bxf3 12. Bxf3 Nd4 13. Qd1 Nxf3+ 14. Qxf3
Nxc4 15. O-O-O Qa5 16. a3 Bxa3 17. bxa3 Qxa3+ 18. Kc2 Qb2+ 19. Kd3 Rfd8+ 20.
Nd5 Qd4+ 21. Ke2 Qxd5 22. Qxd5 Rxd5 0-1

[Event "ThEM 2003"]
[Site "?"]
[Date "2003.04.18"]
[Round "4"]
[White "Buring, Matthias"]
[Black "Goemann, Jens"]
[Result "1/2-1/2"]
[WhiteElo "2074"]
[BlackElo "2194"]
[PlyCount "24"]
[EventDate "2003.04.16"]
[EventRounds "9"]
[EventCountry "GER"]

1. e4 e6 2. d4 d5 3. exd5 exd5 4. Nf3 Nc6 5. Bb5 Bd6 6. O-O Nge7 7. Bg5 O-O 8.
c3 f6 9. Be3 Kh8 10. Nbd2 Nf5 11. Re1 Nce7 12. Nf1 c6 1/2-1/2

[Event "ThEM 2003"]
[Site "?"]
[Date "2003.04.18"]
[Round "4"]
[White "Koksch, Robert"]
[Black "Wehner, Jannis"]
[Result "1/2-1/2"]
[WhiteElo "2072"]
[BlackElo "2196"]
[PlyCount "84"]
[EventDate "2003.04.16"]
[EventRounds "9"]
[EventCountry "GER"]

1. d4 Nf6 2. c4 g6 3. Nc3 Bg7 4. e4 d6 5. f4 O-O 6. Nf3 c5 7. d5 e6 8. dxe6
Bxe6 9. Bd3 Bg4 10. O-O Nc6 11. h3 Bxf3 12. Qxf3 Nd4 13. Qf2 a6 14. Bd2 Rb8 15.
Rae1 b5 16. b3 b4 17. Ne2 Nxe2+ 18. Rxe2 a5 19. e5 dxe5 20. fxe5 Nh5 21. Bc2 f5
22. Be3 Bxe5 23. Bxc5 Re8 24. Rd1 Qg5 25. Rxe5 Rxe5 26. Bd6 Nf4 27. Qf3 Rbe8
28. Bxe5 Rxe5 29. Rf1 Re2 30. Rf2 Nxh3+ 31. Qxh3 Qc1+ 32. Rf1 Qxc2 33. Qf3 Qd2
34. Qg3 Qd4+ 35. Kh2 Re4 36. Qb8+ Kg7 37. Qc7+ Kh6 38. Rf3 Rh4+ 39. Rh3 Rxh3+
40. Kxh3 Qe3+ 41. Kh2 Kg5 42. Qxh7 Qe5+ 1/2-1/2

[Event "ThEM 2003"]
[Site "?"]
[Date "2003.04.18"]
[Round "4"]
[White "Kirschbaum, Gunnar"]
[Black "Siebarth, Marco"]
[Result "1-0"]
[WhiteElo "2179"]
[BlackElo "1799"]
[PlyCount "59"]
[EventDate "2003.04.16"]
[EventRounds "9"]
[EventCountry "GER"]

1. d4 Nf6 2. c4 e6 3. Nc3 Bb4 4. Qc2 b6 5. e4 Bb7 6. Bd3 c5 7. d5 e5 8. f4 exf4
9. Bxf4 d6 10. Nf3 Nh5 11. Bg5 f6 12. Bd2 Bxc3 13. Qxc3 g6 14. O-O-O Nd7 15. g4
Ng7 16. g5 Qe7 17. gxf6 Qxf6 18. e5 Nxe5 19. Nxe5 dxe5 20. Rhf1 Qe7 21. Rde1
O-O-O 22. Rxe5 Qd7 23. Bh6 Qc7 24. Rfe1 Nf5 25. Bxf5+ gxf5 26. Re7 Qxh2 27. Qe3
Rd7 28. Rxd7 Kxd7 29. Bf4 Qh5 30. Qe7+ 1-0

[Event "ThEM 2003"]
[Site "?"]
[Date "2003.04.18"]
[Round "4"]
[White "Lange, Corinna"]
[Black "Hermann, Ingo"]
[Result "1-0"]
[WhiteElo "2162"]
[BlackElo "1622"]
[PlyCount "85"]
[EventDate "2003.04.16"]
[EventRounds "9"]
[EventCountry "GER"]

1. e4 e6 2. Nf3 d5 3. e5 c5 4. b4 cxb4 5. d4 Nc6 6. a3 Bd7 7. axb4 Bxb4+ 8. c3
Be7 9. Bd3 f5 10. O-O a6 11. Ne1 b5 12. g4 g6 13. gxf5 exf5 14. Ng2 Be6 15. Nf4
Qc8 16. Nxe6 Qxe6 17. Bxb5 Ra7 18. Bxc6+ Qxc6 19. Qa4 Qxa4 20. Rxa4 Bd8 21. Na3
Ne7 22. Bg5 Nc6 23. Bxd8 Kxd8 24. Nc2 Kd7 25. Rfa1 Rha8 26. f4 a5 27. Ne3 Ne7
28. c4 Ke6 29. cxd5+ Nxd5 30. Nxd5 Kxd5 31. Kf2 Ra6 32. Ke3 h6 33. Rg1 Kc6 34.
Rc1+ Kd7 35. d5 Rb8 36. Rac4 Rb3+ 37. Kd4 Ra7 38. e6+ Kd6 39. Rc6+ Ke7 40. Rc7+
Rxc7 41. Rxc7+ Kd8 42. d6 Rb1 43. e7+ 1-0

[Event "ThEM 2003"]
[Site "?"]
[Date "2003.04.18"]
[Round "4"]
[White "Gulich, Christian"]
[Black "Deuter, Lutz"]
[Result "1/2-1/2"]
[WhiteElo "2133"]
[BlackElo "2049"]
[PlyCount "20"]
[EventDate "2003.04.16"]
[EventRounds "9"]
[EventCountry "GER"]

1. e4 e5 2. Nf3 d6 3. d4 Nf6 4. Nc3 Nbd7 5. Bc4 Be7 6. O-O O-O 7. h3 c6 8. dxe5
dxe5 9. a3 Qc7 10. Qe2 h6 1/2-1/2

[Event "ThEM 2003"]
[Site "?"]
[Date "2003.04.18"]
[Round "4"]
[White "Rohmeiss, Roberto"]
[Black "Skibbe, Diana"]
[Result "1-0"]
[WhiteElo "2065"]
[BlackElo "2130"]
[PlyCount "109"]
[EventDate "2003.04.16"]
[EventRounds "9"]
[EventCountry "GER"]

1. d4 Nf6 2. Nf3 c5 3. e3 cxd4 4. exd4 e6 5. Bd3 Be7 6. O-O O-O 7. Nbd2 d6 8.
Re1 Nbd7 9. c3 b6 10. Qe2 Bb7 11. a4 a5 12. Nf1 h6 13. Ng3 Qc8 14. Bd2 Re8 15.
b4 Bf8 16. Bb5 Bc6 17. c4 Bxb5 18. cxb5 axb4 19. Bxb4 Nd5 20. Rec1 Qb7 21. Bd2
Rec8 22. Qd1 N7f6 23. Ne1 Rxc1 24. Rxc1 Qa7 25. Ra1 Rc8 26. Qb3 e5 27. dxe5
dxe5 28. Nd3 e4 29. Ne5 Bc5 30. Nf5 Kh7 31. Qh3 e3 32. Bxe3 Nxe3 33. Nxe3 Re8
34. Nc6 Qc7 35. Rd1 g6 36. Ng4 Qf4 37. Nxf6+ Qxf6 38. Qf3 Qxf3 39. gxf3 Re2 40.
Rc1 Bxf2+ 41. Kf1 Rb2 42. h3 Bc5 43. Ne5 Rh2 44. Rxc5 bxc5 45. a5 Kg7 46. b6
Kf6 47. b7 Rb2 48. Nd7+ Ke7 49. b8=Q Rxb8 50. Nxb8 Kd6 51. a6 Kc7 52. a7 Kb7
53. Nc6 g5 54. Ke2 h5 55. Nd8+ 1-0

[Event "ThEM 2003"]
[Site "?"]
[Date "2003.04.18"]
[Round "4"]
[White "Koch, Stefan"]
[Black "Taudte, Stefan"]
[Result "1/2-1/2"]
[WhiteElo "1923"]
[BlackElo "2101"]
[PlyCount "41"]
[EventDate "2003.04.16"]
[EventRounds "9"]
[EventCountry "GER"]

1. c4 Nf6 2. Nc3 c5 3. g3 g6 4. Bg2 Bg7 5. Nf3 O-O 6. O-O d5 7. cxd5 Nxd5 8.
Nxd5 Qxd5 9. d3 Nc6 10. Nd2 Qd7 11. Nb3 b6 12. Rb1 Bb7 13. Bd2 Nd4 14. Bxb7
Qxb7 15. Nxd4 Bxd4 16. Qb3 Rfd8 17. Rbc1 Qd5 18. Qxd5 Rxd5 19. b4 Rad8 20. Rc2
h5 21. Kg2 1/2-1/2

[Event "ThEM 2003"]
[Site "?"]
[Date "2003.04.18"]
[Round "4"]
[White "Seidens, Gunter"]
[Black "Petiko, Jakob"]
[Result "0-1"]
[WhiteElo "2069"]
[BlackElo "2016"]
[PlyCount "89"]
[EventDate "2003.04.16"]
[EventRounds "9"]
[EventCountry "GER"]

1. d4 Nf6 2. Nf3 d6 3. c4 Nbd7 4. Nc3 e5 5. e4 c6 6. g3 Be7 7. Bg2 O-O 8. O-O
Qc7 9. Re1 exd4 10. Nxd4 Re8 11. b3 Bf8 12. Bg5 h6 13. Be3 Nc5 14. f3 Ne6 15.
Nde2 b6 16. Qd2 Bb7 17. Rac1 Rad8 18. b4 Qb8 19. Nf4 d5 20. cxd5 Bxb4 21. Qb2
Bxc3 22. Qxc3 cxd5 23. Nxe6 Rxe6 24. Bf4 Qa8 25. e5 d4 26. Qd3 Nd7 27. Bh3 Re7
28. e6 Nc5 29. Rxc5 bxc5 30. exf7+ Rxf7 31. Be6 Bd5 32. Bxf7+ Bxf7 33. Re7 Re8
34. Rd7 Rd8 35. Re7 c4 36. Qf5 Qd5 37. Re5 Qxf3 38. Re7 Qd5 39. Re5 Qd7 40. Qe4
d3 41. Bd2 Bd5 42. Qd4 Bf7 43. Qc3 Qd4+ 44. Kf1 Qxc3 45. Bxc3 0-1

[Event "ThEM 2003"]
[Site "?"]
[Date "2003.04.18"]
[Round "4"]
[White "Skibbe, Willi"]
[Black "Siegl, Detlef"]
[Result "1/2-1/2"]
[WhiteElo "1672"]
[BlackElo "2027"]
[PlyCount "34"]
[EventDate "2003.04.16"]
[EventRounds "9"]
[EventCountry "GER"]

1. e4 e5 2. f4 exf4 3. Nf3 d5 4. exd5 Nf6 5. Bc4 Nxd5 6. O-O Be7 7. Nc3 Be6 8.
Nxd5 Bxd5 9. Bxd5 Qxd5 10. d4 O-O 11. Bxf4 Bd6 12. Bxd6 Qxd6 13. c3 Nd7 14. Qd2
Rae8 15. Rae1 c5 16. h3 Nf6 17. Rxe8 Rxe8 1/2-1/2

[Event "ThEM 2003"]
[Site "?"]
[Date "2003.04.18"]
[Round "4"]
[White "Michalowski, Peter"]
[Black "Haensel, Thomas"]
[Result "0-1"]
[WhiteElo "1676"]
[BlackElo "2312"]
[PlyCount "76"]
[EventDate "2003.04.16"]
[EventRounds "9"]
[EventCountry "GER"]

1. e4 c5 2. Nf3 d6 3. d4 cxd4 4. Qxd4 Nc6 5. Bb5 Bd7 6. Bxc6 Bxc6 7. c4 Nf6 8.
Nc3 g6 9. O-O Bg7 10. Be3 O-O 11. Qd3 a5 12. Nd4 Ng4 13. Bg5 h6 14. Bc1 Qb6 15.
Nc2 a4 16. Rb1 Rfc8 17. Ne3 Ne5 18. Qe2 Qd8 19. Bd2 e6 20. Ng4 Qh4 21. Nxe5
Bxe5 22. f4 Bg7 23. Rf3 Kh7 24. Rh3 Qe7 25. e5 Rd8 26. Ne4 Bxe4 27. Qxe4 d5 28.
cxd5 Rxd5 29. Bb4 Qd7 30. Bd6 Rc8 31. g4 Qc6 32. Rc3 Rd1+ 33. Rxd1 Qxe4 34.
Rxc8 Qe3+ 35. Kf1 Qxf4+ 36. Ke1 Bxe5 37. Bxe5 Qxe5+ 38. Kf1 Qxb2 0-1

[Event "ThEM 2003"]
[Site "?"]
[Date "2003.04.18"]
[Round "4"]
[White "Berner, Stephan"]
[Black "Schneider, Christian"]
[Result "1/2-1/2"]
[WhiteElo "1577"]
[BlackElo "1704"]
[PlyCount "29"]
[EventDate "2003.04.16"]
[EventRounds "9"]
[EventCountry "GER"]

1. e4 c5 2. Nc3 Nc6 3. g3 e6 4. Bg2 Nge7 5. f4 g6 6. d3 Bg7 7. Nf3 O-O 8. O-O
b6 9. Ne2 d5 10. c3 Ba6 11. Qc2 Qc7 12. Rd1 Rfd8 13. Be3 f5 14. e5 h6 15. d4
1/2-1/2

[Event "ThEM 2003"]
[Site "?"]
[Date "2003.04.18"]
[Round "4"]
[White "Richter, Dagmar"]
[Black "Manger, Erika"]
[Result "0-1"]
[WhiteElo "1463"]
[BlackElo "1404"]
[PlyCount "84"]
[EventDate "2003.04.16"]
[EventRounds "9"]
[EventCountry "GER"]

1. e4 e6 2. d4 d5 3. Nc3 Bb4 4. e5 c5 5. Bd2 cxd4 6. Nb5 Bxd2+ 7. Qxd2 Nc6 8.
Nd6+ Kf8 9. f4 Nge7 10. Nf3 Nf5 11. Bd3 Nxd6 12. exd6 Qxd6 13. O-O a6 14. Rae1
Qb4 15. Qe2 Bd7 16. Ne5 Qd6 17. Qh5 Nxe5 18. fxe5 Qe7 19. Rf3 Kg8 20. Ref1 Rf8
21. Rg3 f6 22. Rh3 f5 23. Rf4 Be8 24. Qe2 g5 25. Rxd4 Bg6 26. Qd2 Kg7 27. Re3
f4 28. Re1 Bxd3 29. Qxd3 Rf5 30. h3 Rhf8 31. Qf3 Qc5 32. c3 Qc7 33. Rb4 R8f7
34. Qh5 Rxe5 35. Rxe5 Qxe5 36. Kf2 Qe3+ 37. Kf1 f3 38. Rg4 fxg2+ 39. Kxg2 Rf2+
40. Kh1 Rf1+ 41. Kh2 Qe2+ 42. Kg3 Rg1# 0-1

[Event "ThEM 2003"]
[Site "?"]
[Date "2003.04.18"]
[Round "5"]
[White "Enders, Peter"]
[Black "Kraemer, Martin"]
[Result "1-0"]
[WhiteElo "2522"]
[BlackElo "2173"]
[PlyCount "109"]
[EventDate "2003.04.16"]
[EventRounds "9"]
[EventCountry "GER"]

1. d4 Nf6 2. c4 g6 3. Nc3 Bg7 4. e4 d6 5. Nf3 O-O 6. Be2 e5 7. O-O Nc6 8. d5
Ne7 9. Ne1 Ne8 10. Nd3 f5 11. Bd2 fxe4 12. Nxe4 c6 13. dxc6 bxc6 14. Ng3 Be6
15. Rc1 d5 16. Bc3 d4 17. Bb4 a5 18. Ba3 Nd6 19. Nc5 Bc8 20. Bd3 Ndf5 21. Nge4
Bh6 22. Rc2 Qe8 23. Re2 Qf7 24. Nd2 Nh4 25. Rxe5 Bh3 26. Be4 Bxd2 27. Qxd2 Bxg2
28. Bxg2 Nxg2 29. Rxe7 Qxe7 30. Kxg2 Qh4 31. f3 Rae8 32. Nd3 Rf5 33. Bd6 Re3
34. Bg3 Qe7 35. Rf2 Qf6 36. Ne1 c5 37. Qxa5 Qe7 38. Nc2 Re2 39. Qa3 h5 40. Qd3
Re6 41. h4 Rf7 42. b4 g5 43. bxc5 gxh4 44. Bh2 Rg7+ 45. Kf1 Qg5 46. Rd2 Rf6 47.
Ne1 Qg4 48. Ke2 Re6+ 49. Kd1 Qh3 50. Rf2 Re3 51. Qxd4 Rge7 52. Qd5+ Qe6 53. Rf1
Ra3 54. Rg1+ Kf8 55. Qd8+ 1-0

[Event "ThEM 2003"]
[Site "?"]
[Date "2003.04.18"]
[Round "5"]
[White "Huster, Mike"]
[Black "Kirschbaum, Gunnar"]
[Result "0-1"]
[WhiteElo "1917"]
[BlackElo "2179"]
[PlyCount "74"]
[EventDate "2003.04.16"]
[EventRounds "9"]
[EventCountry "GER"]

1. d4 Nf6 2. Nf3 g6 3. c4 Bg7 4. Nc3 O-O 5. e4 d6 6. Be2 e5 7. O-O Nc6 8. d5
Ne7 9. b4 Nd7 10. Ba3 f5 11. Nd2 Nf6 12. f3 f4 13. c5 g5 14. Nc4 Ng6 15. cxd6
cxd6 16. b5 Ne8 17. b6 a6 18. Qa4 Rf7 19. Qb4 Bf8 20. Bd1 h5 21. Ba4 Rf6 22.
Bxe8 Qxe8 23. Rac1 g4 24. Ne2 Nh4 25. Kf2 Qg6 26. Rg1 Qg5 27. Nd2 Bh6 28. Ke1
Bd7 29. Rc7 Bb5 30. Qc3 Raf8 31. Rxb7 Ng6 32. Rc7 Qh4+ 33. Kd1 Qf2 34. Re1 Qxb6
35. Nb3 Nh4 36. Kd2 Qf2 37. Nbc1 Qxg2 0-1

[Event "ThEM 2003"]
[Site "?"]
[Date "2003.04.18"]
[Round "5"]
[White "Petiko, Jakob"]
[Black "Aepfler, Christian"]
[Result "1/2-1/2"]
[WhiteElo "2016"]
[BlackElo "2266"]
[PlyCount "25"]
[EventDate "2003.04.16"]
[EventRounds "9"]
[EventCountry "GER"]

1. e4 d5 2. exd5 Nf6 3. d4 Nxd5 4. Nf3 Nc6 5. c4 Nb6 6. h3 Bf5 7. a3 e6 8. Be3
Be7 9. Bd3 Bxd3 10. Qxd3 O-O 11. O-O a5 12. b3 Qd7 13. Nc3 1/2-1/2

[Event "ThEM 2003"]
[Site "?"]
[Date "2003.04.18"]
[Round "5"]
[White "Wehner, Jannis"]
[Black "Rohmeiss, Roberto"]
[Result "1-0"]
[WhiteElo "2197"]
[BlackElo "2065"]
[PlyCount "53"]
[EventDate "2003.04.16"]
[EventRounds "9"]
[EventCountry "GER"]

1. e4 e5 2. Nf3 Nc6 3. Bc4 Bc5 4. c3 Nf6 5. d4 exd4 6. O-O O-O 7. cxd4 Bb6 8.
d5 Ne7 9. e5 Ne8 10. d6 cxd6 11. exd6 Ng6 12. Bg5 Nf6 13. Qd3 Kh8 14. Nc3 a6
15. h4 h6 16. Bxf7 Nxh4 17. Nxh4 Rxf7 18. Ng6+ Kg8 19. Bh4 Bc5 20. Ne4 b6 21.
Ne5 Bb7 22. Nxc5 bxc5 23. Nxf7 Kxf7 24. Bxf6 Kxf6 25. Qc3+ Kg6 26. Qc2+ Kf6 27.
Qxc5 1-0

[Event "ThEM 2003"]
[Site "?"]
[Date "2003.04.18"]
[Round "5"]
[White "Goemann, Jens"]
[Black "Kirste, Olaf"]
[Result "1-0"]
[WhiteElo "2194"]
[BlackElo "2083"]
[PlyCount "95"]
[EventDate "2003.04.16"]
[EventRounds "9"]
[EventCountry "GER"]

1. c4 Nf6 2. g3 c6 3. Nf3 d5 4. Bg2 g6 5. b3 Bg7 6. Bb2 O-O 7. O-O Nbd7 8. Qc2
Re8 9. Nc3 a6 10. d4 Nb6 11. cxd5 cxd5 12. Rfd1 Bf5 13. Qd2 Qd6 14. Nh4 Be6 15.
a4 Rac8 16. Ba3 Qb8 17. Bb4 Bf8 18. Nf3 Ne4 19. Qb2 Nxc3 20. Bxc3 f6 21. Ne1
Bf7 22. Nd3 e6 23. Nc5 Red8 24. a5 Na8 25. b4 Nc7 26. Bd2 Nb5 27. Bh3 Rc6 28.
Rac1 Qc8 29. Na4 Rdd6 30. Nb6 Qe8 31. Rc5 Rxb6 32. axb6 Rxb6 33. Rc2 Na7 34.
Rdc1 Qb5 35. e3 Rc6 36. Bf1 Qb6 37. Rxc6 Nxc6 38. Rb1 e5 39. b5 axb5 40. Qxb5
Qxb5 41. Rxb5 exd4 42. Rxb7 dxe3 43. Bxe3 d4 44. Bd2 Nd8 45. Rd7 Ne6 46. Bc4
Bc5 47. h4 h5 48. Bh6 1-0